000 00299nam a22001337a 4500
008 170407b xxu||||| |||| 00| 0 eng d
020 _a0838516017
041 _aeng
080 _a616
100 _a9
101 _aSHM
245 _aPATHOLOGY OG INFECTIOUS DISEASES
_cCONNOR, D.H
942 _2udc
_cBK
999 _c10171
_d10171